Other Arts: Visual | 1 | 2 | 0 | 1 | 35 | 55 | 93.00 | 1 | 3 |
History - American History | 0 | 2 | 0 | 0 | 20 | 112 | 120.50 | 0 | 2 |
Literature - European Literature | 0 | 2 | 0 | 0 | 20 | 137 | 141.00 | 0 | 2 |
Literature - American Literature | 0 | 2 | 0 | 0 | 20 | 130 | 134.00 | 0 | 1 |
Philosophy | 0 | 2 | 1 | 1 | 15 | 153 | 153.50 | 0 | 1 |
History - European History | 0 | 1 | 0 | 1 | 10 | 142 | 142.00 | 0 | 1 |
Literature - British Literature | 0 | 1 | 0 | 0 | 10 | 162 | 162.00 | 0 | 1 |
Other Arts: Auditory | 0 | 1 | 0 | 1 | 10 | 139 | 139.00 | 0 | 1 |
Other Science: Astronomy | 0 | 1 | 0 | 1 | 10 | 151 | 151.00 | 1 | 1 |
Social Science | 0 | 1 | 0 | 0 | 10 | 108 | 108.00 | 1 | 1 |
British and Commonwealth History | 0 | 1 | 0 | 1 | 10 | 124 | 124.00 | 0 | 1 |
Current Events | 0 | 1 | 0 | 0 | 10 | 111 | 111.00 | 0 | 1 |
Fine Arts - Auditory Fine Arts | 0 | 1 | 0 | 0 | 10 | 126 | 126.00 | 0 | 1 |
Geography | 0 | 1 | 0 | 0 | 10 | 91 | 91.00 | 0 | 1 |
Beliefs | 0 | 1 | 1 | 1 | 5 | 151 | 151.00 | 0 | 1 |
Other Science: Computer Science | 0 | 0 | 0 | 0 | 0 | | 0.00 | 0 | 0 |
Fine Arts - Visual Fine Arts | 0 | 0 | 1 | 0 | -5 | | 0.00 | 0 | 0 |